| 000 | 00909 a2200193 4500 | ||
|---|---|---|---|
| 003 | Nust | ||
| 005 | 20221118092822.0 | ||
| 020 | _a0123043654 | ||
| 040 | _cNust | ||
| 082 | _a515,CHR | ||
| 100 |
_amark j christensen _9103007 |
||
| 245 |
_aComputing for calculus / _cChristensen,Mark J |
||
| 260 |
_aNEW YORK _bACADEMIC PRESS _c1981 |
||
| 300 | _a236p | ||
| 505 | _aChap# 1.The language Basic (Page-1), Chap# 2. Estimation of derivatives (Page-62), Chap# 3.The definite Integral (Page-86), Chap#4 Graphics (Page-92), Chap# 5. Solving equations(Page -113), Chap#6 Implicit functions and differentiation (Page-135), Chap#7.Estimation of areas revisited (Page-149), Chap#8 Approximation of functions (Page-174), Chap#9 Estimation of sequencies and series (Page-202), Chap#10 Three-dimensional graphics (Page-214) | ||
| 600 |
_aMARK J CHRISTENSEN _9103008 |
||
| 650 | _aCALCULUS | ||
| 942 |
_2ddc _cBK _k515,CHR |
||
| 999 |
_c180241 _d180241 |
||